Science Quiz

Random Science or Animal Quiz

African Mammals Quiz Stats

 Plays Quiz Updated Dec 29, 2018

Challenge
Share
Tweet
Score 0/20 Timer 05:00
5 Plays Today
African Mammal % Correct
Giraffe
99.3%
Mountain Zebra
95.2%
Eastern Lowland Gorilla
94.8%
African Elephant
90.9%
African Lion
90.1%
White Rhinoceros
89.7%
Hippopotamus
89.3%
Cheetah
86.4%
Egyptian Tomb Bat
84.9%
Warthog
74.4%
African Mammal % Correct
Baboon
71%
Brown Hyena
68.8%
Cape Hare
62.4%
Blue Wildebeest
57.3%
African Buffalo
53.8%
Honey Badger
53.1%
Lesser Bushbaby
26.5%
Black Faced Impala
25.4%
Damara Dik Dik
15.7%
Yellow Mongoose
10.5%

You're not logged in!

Compare scores with friends on all Sporcle quizzes.
OR
Log In

You Might Also Like...

Show Comments

Extras

Top Quizzes Today


Score Distribution

Your Account Isn't Verified!

In order to create a playlist on Sporcle, you need to verify the email address you used during registration. Go to your Sporcle Settings to finish the process.

Report this User

Report this user for behavior that violates our Community Guidelines.

Details: